<?xml version="1.0" encoding="UTF-8"?>
<record
    xmlns:xsi="http://www.w3.org/2001/XMLSchema-instance"
    xsi:schemaLocation="http://www.loc.gov/MARC21/slim http://www.loc.gov/standards/marcxml/schema/MARC21slim.xsd"
    xmlns="http://www.loc.gov/MARC21/slim">

  <leader>01385nam a22002537a 4500</leader>
  <controlfield tag="005">20210322223311.0</controlfield>
  <controlfield tag="008">210322b        mx ||||| |||| 00| 0 eng d</controlfield>
  <datafield tag="020" ind1=" " ind2=" ">
    <subfield code="a">9685802823</subfield>
  </datafield>
  <datafield tag="050" ind1="0" ind2="4">
    <subfield code="a">PM4066 </subfield>
    <subfield code="b">A74 1982</subfield>
  </datafield>
  <datafield tag="100" ind1="1" ind2=" ">
    <subfield code="a">Arenas, Pedro de,</subfield>
  </datafield>
  <datafield tag="245" ind1="1" ind2="0">
    <subfield code="a">Vocabulario manual de las lenguas castellana y mexicana : </subfield>
    <subfield code="b">edici&#xF3;n facsimilar de la publicada por Henrico Mart&#xED;nez en la Ciudad de M&#xE9;xico, 1611 /</subfield>
    <subfield code="c">Pedro de Arenas ; con un estudio introductorio de Ascensi&#xF3;n H. de Le&#xF3;n-Portilla</subfield>
  </datafield>
  <datafield tag="250" ind1=" " ind2=" ">
    <subfield code="a">1a ed. 1982</subfield>
  </datafield>
  <datafield tag="260" ind1=" " ind2=" ">
    <subfield code="a">M&#xE9;xico :</subfield>
    <subfield code="b">Universidad Nacional Aut&#xF3;noma de M&#xE9;xico, Instituto de Investigaciones Filol&#xF3;gicas :</subfield>
    <subfield code="b">Universidad Nacional Aut&#xF3;noma de M&#xE9;xico, Instituto de Investigaciones Hist&#xF3;ricas,</subfield>
    <subfield code="c">1982</subfield>
  </datafield>
  <datafield tag="300" ind1=" " ind2=" ">
    <subfield code="a">lxxxix, 160 p&#xE1;ginas : </subfield>
    <subfield code="b">facs&#xED;mil ;</subfield>
    <subfield code="c">23 cm</subfield>
  </datafield>
  <datafield tag="490" ind1=" " ind2=" ">
    <subfield code="a">Facs&#xED;miles de ling&#xFC;&#xED;stica y filolog&#xED;a nahuas;</subfield>
    <subfield code="v">1</subfield>
  </datafield>
  <datafield tag="650" ind1=" " ind2="7">
    <subfield code="2">lemb</subfield>
    <subfield code="a">Espa&#xF1;ol </subfield>
    <subfield code="v">Diccionarios</subfield>
    <subfield code="x">N&#xE1;huatl</subfield>
  </datafield>
  <datafield tag="650" ind1=" " ind2="7">
    <subfield code="2">lemb</subfield>
    <subfield code="a">N&#xE1;huatl</subfield>
    <subfield code="v">Diccionarios</subfield>
    <subfield code="x">Espa&#xF1;ol</subfield>
  </datafield>
  <datafield tag="650" ind1=" " ind2="7">
    <subfield code="2">lemb</subfield>
    <subfield code="a">N&#xE1;huatl </subfield>
    <subfield code="v">Glosarios, vocabularios, etc.</subfield>
  </datafield>
  <datafield tag="700" ind1="1" ind2=" ">
    <subfield code="a">Le&#xF3;n-Portilla, Ascensi&#xF3;n H. de </subfield>
    <subfield code="q">(Ascensi&#xF3;n Hern&#xE1;ndez),</subfield>
    <subfield code="e">prologuista</subfield>
  </datafield>
  <datafield tag="700" ind1="1" ind2=" ">
    <subfield code="a">Mart&#xED;nez, Henrico,</subfield>
    <subfield code="e">impresor</subfield>
  </datafield>
  <datafield tag="710" ind1="2" ind2=" ">
    <subfield code="a">Universidad Nacional Aut&#xF3;noma de M&#xE9;xico.</subfield>
    <subfield code="b">Instituto de Investigaciones Filol&#xF3;gicas</subfield>
  </datafield>
  <datafield tag="710" ind1="2" ind2=" ">
    <subfield code="a"> Universidad Nacional Aut&#xF3;noma de M&#xE9;xico. </subfield>
    <subfield code="b">Instituto de Investigaciones Hist&#xF3;ricas</subfield>
  </datafield>
  <datafield tag="942" ind1=" " ind2=" ">
    <subfield code="2">lcc</subfield>
    <subfield code="c">LIB</subfield>
  </datafield>
  <datafield tag="999" ind1=" " ind2=" ">
    <subfield code="c">155363</subfield>
    <subfield code="d">155361</subfield>
  </datafield>
  <datafield tag="952" ind1=" " ind2=" ">
    <subfield code="1">0</subfield>
    <subfield code="2">lcc</subfield>
    <subfield code="4">0</subfield>
    <subfield code="7">0</subfield>
    <subfield code="a">INV-033</subfield>
    <subfield code="b">INV-033</subfield>
    <subfield code="c">CONSULTA</subfield>
    <subfield code="d">2021-03-22</subfield>
    <subfield code="f">1a ed.</subfield>
    <subfield code="i">H</subfield>
    <subfield code="k">EH</subfield>
    <subfield code="l">0</subfield>
    <subfield code="o">PM4066 A74 1982</subfield>
    <subfield code="p">IIH000030887</subfield>
    <subfield code="r">2021-03-22 00:00:00</subfield>
    <subfield code="t">C:1</subfield>
    <subfield code="v">1.00</subfield>
    <subfield code="y">LIB</subfield>
  </datafield>
</record>
